[Event "Montreal Mercredi 11"]
[Site "Montreal CAN"]
[Date "2011.12.07"]
[Round "4"]
[White "Nardone, Raul"]
[Black "Rondon, Luciano"]
[Result "1/2-1/2"]
[WhiteElo "1835"]
[BlackElo "1836"]
[PlyCount "63"]
[GameId "2160767909573578"]
[EventDate "2011.11.16"]
[EventType "swiss"]
[EventRounds "5"]
[EventCountry "CAN"]
[SourceTitle "EXT 2022"]
[Source "ChessBase"]
[SourceDate "2021.10.06"]
[SourceVersion "1"]
[SourceVersionDate "2021.10.06"]
[SourceQuality "1"]

1. e4 c5 2. Nf3 d6 3. d4 cxd4 4. Nxd4 Nf6 5. Nc3 e6 6. Be2 Be7 7. Be3 O-O 8. Qd2 a6 9. a4 Nc6 10. O-O Bd7 11. f4 Nxd4 12. Bxd4 Bc6 13. Bf3 Qc7 14. Rae1 Rac8 15. Qf2 Nd7 16. Nd5 Bxd5 17. exd5 e5 18. Bc3 f5 19. fxe5 Nxe5 20. Qg3 Bf6 21. Kh1 Qc4 22. Rd1 Qxa4 23. b3 Qb5 24. Bxe5 Bxe5 25. Qf2 Qb4 26. c4 Rf6 27. Rd3 Rh6 28. h3 g5 29. Qe3 Kg7 30. Qxg5+ Rg6 31. Qe7+ Kh8 32. Bh5 1/2-1/2

[Event "Montreal Mercredi 11"]
[Site "Montreal CAN"]
[Date "2011.12.09"]
[Round "4"]
[White "Tremblay, Alain"]
[Black "Lopez Linares, Lizandro"]
[Result "0-1"]
[WhiteElo "2045"]
[BlackElo "2086"]
[PlyCount "80"]
[GameId "2160767909573579"]
[EventDate "2011.11.16"]
[EventType "swiss"]
[EventRounds "5"]
[EventCountry "CAN"]
[SourceTitle "EXT 2022"]
[Source "ChessBase"]
[SourceDate "2021.10.06"]
[SourceVersion "1"]
[SourceVersionDate "2021.10.06"]
[SourceQuality "1"]

1. e4 e6 2. d4 d5 3. Nc3 Nf6 4. Bg5 Be7 5. e5 Nfd7 6. h4 c5 7. f4 Nc6 8. dxc5 Nxc5 9. Nf3 O-O 10. Bd3 f6 11. exf6 Bxf6 12. Ne5 Nxd3+ 13. Qxd3 Qb6 14. Ng4 Bxc3+ 15. bxc3 e5 16. Ne3 d4 17. cxd4 Nxd4 18. O-O-O Be6 19. fxe5 Nc6 20. Qa3 h6 21. Rd6 Rae8 22. Qd3 Nxe5 23. Qd2 Qc5 24. Bxh6 Qa3+ 25. Kd1 gxh6 26. Qd4 Qxd6 27. Qxd6 Rd8 28. Qxd8 Rxd8+ 29. Ke2 Nc4 30. Nxc4 Bxc4+ 31. Ke3 b5 32. a3 Kg7 33. Rh3 Kg6 34. g4 Be6 35. Rg3 Rc8 36. Kd2 Rc4 37. g5 h5 38. Rc3 Rxh4 39. Rc6 Re4 40. Kc3 Re1 0-1

[Event "Montreal Mercredi 11"]
[Site "Montreal CAN"]
[Date "2011.11.29"]
[Round "5"]
[White "Gauthier, Luc"]
[Black "Millette, Sylvain"]
[Result "1-0"]
[WhiteElo "1695"]
[BlackElo "1621"]
[PlyCount "45"]
[GameId "2160767909573580"]
[EventDate "2011.11.16"]
[EventType "swiss"]
[EventRounds "5"]
[EventCountry "CAN"]
[SourceTitle "EXT 2022"]
[Source "ChessBase"]
[SourceDate "2021.10.06"]
[SourceVersion "1"]
[SourceVersionDate "2021.10.06"]
[SourceQuality "1"]

1. e4 Nf6 2. e5 Nd5 3. Nc3 Nxc3 4. dxc3 Nc6 5. Nf3 d6 6. Bb5 Bd7 7. exd6 exd6 8. Qe2+ Qe7 9. Be3 f6 10. O-O-O Ne5 11. Nxe5 fxe5 12. Rhe1 g6 13. Bxd7+ Qxd7 14. f4 Bg7 15. fxe5 Bxe5 16. Bd4 O-O-O 17. Bxe5 Rhe8 18. Qf2 Qa4 19. Bf6 Rf8 20. Qh4 Qxh4 21. Bxh4 Rd7 22. Rd2 Rdf7 23. Rde2 1-0

[Event "Montreal Mercredi 11"]
[Site "Montreal CAN"]
[Date "2011.12.14"]
[Round "5"]
[White "Bergeron, Jean-Guy"]
[Black "Chenard, Yanick"]
[Result "0-1"]
[WhiteElo "1460"]
[BlackElo "1539"]
[PlyCount "130"]
[GameId "2160767909573581"]
[EventDate "2011.11.16"]
[EventType "swiss"]
[EventRounds "5"]
[EventCountry "CAN"]
[SourceTitle "EXT 2022"]
[Source "ChessBase"]
[SourceDate "2021.10.06"]
[SourceVersion "1"]
[SourceVersionDate "2021.10.06"]
[SourceQuality "1"]

1. c4 f5 2. Nf3 Nf6 3. d4 g6 4. Nc3 Bg7 5. Bg5 O-O 6. Qd2 c6 7. Bh6 a5 8. Bxg7 Kxg7 9. e3 Na6 10. a3 Nc7 11. Bd3 d5 12. O-O Nce8 13. Ne5 Be6 14. f3 Nd6 15. c5 Nf7 16. Ne2 Nxe5 17. dxe5 Nd7 18. Nf4 Bg8 19. e6 Ne5 20. Qc3 Kf6 21. Nh5+ Kxe6 22. Ng7+ Kf6 23. f4 Kxg7 24. Qxe5+ Rf6 25. h3 Qd7 26. Rf3 Rc8 27. Rg3 Qc7 28. Qd4 Be6 29. h4 Kf7 30. Be2 Rg8 31. Kf2 Bc8 32. Rh1 h5 33. Rg5 Re8 34. Rh3 e5 35. Qd2 exf4 36. exf4 Rfe6 37. Bf3 Re4 38. Bxe4 Rxe4 39. Kf3 b6 40. Rhg3 Re6 41. Qc1 Ba6 42. cxb6 Qxb6 43. Qd2 c5 44. Qxd5 Bb7 45. Qxb7+ Qxb7+ 46. Kf2 Qxb2+ 47. Kg1 Qc1+ 48. Kh2 Qxf4 49. Kh3 c4 50. Rf3 Qc7 51. Rc3 a4 52. Rgg3 Rb6 53. Rgf3 Rb3 54. g3 Rxc3 55. Rxc3 f4 56. Rf3 Qd7+ 57. Kg2 Qd2+ 58. Kh3 Ke6 59. gxf4 c3 60. Kg3 c2 61. f5+ gxf5 62. Rf1 f4+ 63. Kh3 Qe3+ 64. Kh2 c1=Q 65. Re1 Qexe1 0-1

[Event "Montreal Mercredi 11"]
[Site "Montreal CAN"]
[Date "2011.12.14"]
[Round "5"]
[White "Cardin, Guillaume"]
[Black "Gagnon, Serge"]
[Result "0-1"]
[WhiteElo "2007"]
[BlackElo "2131"]
[PlyCount "68"]
[GameId "2160767909573582"]
[EventDate "2011.11.16"]
[EventType "swiss"]
[EventRounds "5"]
[EventCountry "CAN"]
[SourceTitle "EXT 2022"]
[Source "ChessBase"]
[SourceDate "2021.10.06"]
[SourceVersion "1"]
[SourceVersionDate "2021.10.06"]
[SourceQuality "1"]

1. d4 d6 2. e4 Nf6 3. Nc3 g6 4. Be3 Bg7 5. h3 O-O 6. f4 c6 7. a4 Qb6 8. Qd2 d5 9. e5 Nh5 10. Nge2 f5 11. Rg1 Bh8 12. g4 Ng7 13. g5 Na6 14. Ng3 Ne6 15. h4 Bxe5 16. dxe5 d4 17. Bf2 Qxb2 18. Rb1 dxc3 19. Qd1 Qa2 20. Be3 Rd8 21. Bd3 Rxd3 22. Qxd3 Qxb1+ 23. Kf2 Qb4 24. Nxf5 gxf5 25. g6 Qe4 26. gxh7+ Kxh7 27. Qd1 Nxf4 28. Rg5 Nh3+ 29. Kf1 Nxg5 30. Qh5+ Kg7 31. Bxg5 Qc4+ 32. Ke1 Qe6 33. Bf4 Qg6 34. Qf3 Be6 0-1

[Event "Montreal Mercredi 11"]
[Site "Montreal CAN"]
[Date "2011.12.14"]
[Round "5"]
[White "Levkovsky, Alexandre"]
[Black "Tremblay, Alain"]
[Result "1/2-1/2"]
[WhiteElo "2289"]
[BlackElo "2045"]
[PlyCount "101"]
[GameId "2160767909573584"]
[EventDate "2011.11.16"]
[EventType "swiss"]
[EventRounds "5"]
[EventCountry "CAN"]
[SourceTitle "EXT 2022"]
[Source "ChessBase"]
[SourceDate "2021.10.06"]
[SourceVersion "1"]
[SourceVersionDate "2021.10.06"]
[SourceQuality "1"]

1. e4 e5 2. Nf3 Nc6 3. Bb5 a6 4. Ba4 Nf6 5. Qe2 b5 6. Bb3 Be7 7. c3 O-O 8. O-O d6 9. h3 Na5 10. Bc2 c5 11. d4 Qc7 12. d5 Re8 13. b3 Bd7 14. Nbd2 Bf8 15. Rd1 g6 16. Nf1 Bg7 17. Ng3 Nb7 18. Be3 Rf8 19. Qd2 Ne8 20. Nh4 Nd8 21. a4 bxa4 22. bxa4 Nb7 23. Rdb1 Na5 24. Bd3 Nf6 25. Qe2 Qa7 26. Rb4 Rfb8 27. Qa2 Qc7 28. Rxb8+ Rxb8 29. Bxa6 c4 30. Rb1 Rb3 31. Nf3 Qb8 32. Nd2 Rxb1+ 33. Nxb1 Bxa4 34. Nd2 Qe8 35. Nxc4 Nxc4 36. Qxc4 Bd7 37. Qc7 Bf8 38. Bg5 Kg7 39. Bc1 Qa8 40. Qb7 Qd8 41. Bb5 Bc8 42. Qc6 Bd7 43. Qc4 Bc8 44. Bg5 h6 45. Bxf6+ Kxf6 46. Qc6 h5 47. c4 Kg7 48. Qe8 Qc7 49. Nf1 Be7 50. Qc6 Bd8 51. Ne3 1/2-1/2

[Event "Montreal Mercredi 11"]
[Site "Montreal CAN"]
[Date "2011.12.14"]
[Round "5"]
[White "Morin, Louis"]
[Black "Valle-Romo, Ricardo"]
[Result "0-1"]
[WhiteElo "1846"]
[BlackElo "1939"]
[PlyCount "74"]
[GameId "2160767909573585"]
[EventDate "2011.11.16"]
[EventType "swiss"]
[EventRounds "5"]
[EventCountry "CAN"]
[SourceTitle "EXT 2022"]
[Source "ChessBase"]
[SourceDate "2021.10.06"]
[SourceVersion "1"]
[SourceVersionDate "2021.10.06"]
[SourceQuality "1"]

1. e4 a6 2. Nf3 b5 3. g3 Bb7 4. d3 e6 5. Bg2 Nf6 6. O-O Bc5 7. c3 d6 8. Qe2 Nbd7 9. Bg5 h6 10. Be3 Bxe3 11. fxe3 Ne5 12. Nfd2 Ng6 13. a4 c6 14. axb5 axb5 15. Rxa8 Qxa8 16. Na3 O-O 17. Ra1 Qb8 18. Nb3 Ba8 19. Nd4 Ne5 20. b4 Qb6 21. h3 Bb7 22. Kh2 Rc8 23. Bf1 Ba6 24. Nf3 Ng6 25. Nc2 c5 26. Qe1 c4 27. Ncd4 Ne5 28. Nxe5 dxe5 29. Nf3 cxd3 30. Bxd3 Bb7 31. Nxe5 Qd6 32. Ra7 Rc7 33. Qa1 Qxe5 34. Qa5 Rd7 35. Qxb5 Qxb5 36. Bxb5 Rd2+ 37. Kg1 Bxe4 0-1

[Event "Montreal Mercredi 11"]
[Site "Montreal CAN"]
[Date "2011.12.14"]
[Round "5"]
[White "Munshi, Shawkat"]
[Black "Berthiaume, Yves"]
[Result "1/2-1/2"]
[WhiteElo "1486"]
[BlackElo "1428"]
[PlyCount "121"]
[GameId "2160767909573586"]
[EventDate "2011.11.16"]
[EventType "swiss"]
[EventRounds "5"]
[EventCountry "CAN"]
[SourceTitle "EXT 2022"]
[Source "ChessBase"]
[SourceDate "2021.10.06"]
[SourceVersion "1"]
[SourceVersionDate "2021.10.06"]
[SourceQuality "1"]

1. d4 e6 2. c4 d5 3. e3 c6 4. Nf3 Nf6 5. Be2 Nbd7 6. O-O Be7 7. b3 Ne4 8. Bb2 O-O 9. Nbd2 f5 10. Qc2 b6 11. Rac1 Ba6 12. Rfe1 Rc8 13. a3 Bf6 14. Qd1 Qe7 15. b4 Bb7 16. Qb3 a6 17. a4 Qf7 18. cxd5 cxd5 19. b5 a5 20. Ba3 Be7 21. Bxe7 Qxe7 22. Nxe4 fxe4 23. Nd2 Qg5 24. f4 Qg6 25. Qa3 Qf7 26. Qd6 Rfd8 27. Qa3 Nf6 28. Nf1 Ne8 29. Ng3 Nd6 30. Rxc8 Nxc8 31. Rc1 Nd6 32. Bg4 Qd7 33. Kf2 g6 34. Nf1 Nc4 35. Qb3 Rc8 36. Rc3 Qe7 37. Be2 Kg7 38. Bxc4 dxc4 39. Qc2 Bd5 40. g3 Qb7 41. g4 Qe7 42. Kg3 Qd6 43. g5 Qf8 44. Nd2 Qf5 45. Nxc4 Qf8 46. Nxb6 Rxc3 47. Qxc3 Qd6 48. Nxd5 exd5 49. Qc5 Qd7 50. Qc6 Qe7 51. b6 Qb4 52. Qd7+ Kf8 53. Qd8+ Kg7 54. Qc7+ Kf8 55. Qc5+ Ke8 56. Kg4 Qxa4 57. f5 Qd1+ 58. Kf4 Qf1+ 59. Ke5 Qxf5+ 60. Kd6 Qd7+ 61. Ke5 1/2-1/2

[Event "Montreal Mercredi 11"]
[Site "Montreal CAN"]
[Date "2011.12.14"]
[Round "5"]
[White "Pozdnyakov, Alexander"]
[Black "Cote, Philippe"]
[Result "1/2-1/2"]
[WhiteElo "1667"]
[BlackElo "1709"]
[PlyCount "51"]
[GameId "2160767909573587"]
[EventDate "2011.11.16"]
[EventType "swiss"]
[EventRounds "5"]
[EventCountry "CAN"]
[SourceTitle "EXT 2022"]
[Source "ChessBase"]
[SourceDate "2021.10.06"]
[SourceVersion "1"]
[SourceVersionDate "2021.10.06"]
[SourceQuality "1"]

1. f4 e5 2. fxe5 d6 3. exd6 Bxd6 4. Nf3 Nf6 5. d4 Ng4 6. Qd3 c5 7. Qe4+ Be6 8. d5 Nf6 9. Qa4+ Bd7 10. Qb3 Na6 11. Bg5 Rb8 12. Nbd2 Be7 13. e4 O-O 14. Bxa6 bxa6 15. Qc3 Nxd5 16. exd5 Bxg5 17. O-O Bf6 18. Qxc5 Rxb2 19. Ne4 Rb5 20. Nxf6+ Qxf6 21. Qxa7 Rxd5 22. c4 Rd3 23. Rae1 Qd6 24. c5 Qd5 25. Rf2 Be6 26. Qxa6 1/2-1/2

[Event "Montreal Mercredi 11"]
[Site "Montreal CAN"]
[Date "2011.12.14"]
[Round "5"]
[White "Rondon, Luciano"]
[Black "Luo, Zhao Yang"]
[Result "1/2-1/2"]
[WhiteElo "1836"]
[BlackElo "1957"]
[PlyCount "97"]
[GameId "2160767909573588"]
[EventDate "2011.11.16"]
[EventType "swiss"]
[EventRounds "5"]
[EventCountry "CAN"]
[SourceTitle "EXT 2022"]
[Source "ChessBase"]
[SourceDate "2021.10.06"]
[SourceVersion "1"]
[SourceVersionDate "2021.10.06"]
[SourceQuality "1"]

1. d4 Nf6 2. c4 g6 3. f3 Bg7 4. e4 d6 5. Nc3 O-O 6. Be3 c5 7. d5 e6 8. Nge2 exd5 9. cxd5 Nbd7 10. Nc1 Ne5 11. Nb3 Nh5 12. Be2 Qh4+ 13. g3 Qh3 14. Bf1 Qd7 15. Nd2 f5 16. Be2 f4 17. Bf2 fxg3 18. hxg3 a6 19. a4 Qf7 20. f4 Nxf4 21. gxf4 Qxf4 22. Nf3 Nxf3+ 23. Bxf3 Qxf3 24. Qxf3 Rxf3 25. Rg1 Bd7 26. Bh4 Rxc3 27. bxc3 Bxc3+ 28. Ke2 Bxa1 29. Rxa1 Re8 30. Kf3 h6 31. Bg3 Rf8+ 32. Ke3 Rf6 33. Rb1 Bxa4 34. Rxb7 Bd1 35. Kd2 Bf3 36. Ke3 Bh1 37. Bh2 Rf3+ 38. Ke2 Rf7 39. Rb8+ Kh7 40. Ke3 Re7 41. Bxd6 Rxe4+ 42. Kf2 Rb4 43. Rd8 Bxd5 44. Be5 g5 45. Rxd5 c4 46. Rc5 g4 47. Bc3 Ra4 48. Kg3 Ra3 49. Rxc4 1/2-1/2

[Event "Montreal op"]
[Site "Montreal CAN"]
[Date "2011.09.09"]
[Round "1.6"]
[White "Libersan, Thierry"]
[Black "Jiang, Louie"]
[Result "0-1"]
[WhiteElo "2066"]
[BlackElo "2317"]
[PlyCount "44"]
[GameId "2160767909648364"]
[EventDate "2011.09.09"]
[EventType "swiss"]
[EventRounds "5"]
[EventCountry "CAN"]

1. e4 c5 2. Nf3 a6 3. d4 cxd4 4. Nxd4 Nf6 5. Nc3 e5 6. Nf3 Bb4 7. Bc4 O-O 8. O-O Qc7 9. Qd3 d6 10. Nd5 Nxd5 11. Bxd5 Bc5 12. Be3 Nd7 13. c3 Nf6 14. Bb3 b5 15. Bg5 Nh5 16. Qd2 Kh8 17. h3 Bb7 18. Rfe1 f5 19. Bd5 Bxd5 20. Qxd5 h6 21. g4 fxg4 22. hxg4 Qc8 0-1

[Event "Montreal op"]
[Site "Montreal CAN"]
[Date "2011.09.09"]
[Round "1.8"]
[White "Poulin, Mathieu"]
[Black "Gulko, Andrei"]
[Result "0-1"]
[WhiteElo "2051"]
[BlackElo "2215"]
[PlyCount "104"]
[GameId "2160767909648366"]
[EventDate "2011.09.09"]
[EventType "swiss"]
[EventRounds "5"]
[EventCountry "CAN"]

1. d4 Nf6 2. c4 e5 3. dxe5 Ng4 4. Nf3 Bc5 5. e3 Nc6 6. Bd2 O-O 7. Bc3 Qe7 8. Nbd2 Ncxe5 9. Be2 Bxe3 10. fxe3 Nxe3 11. Qb3 Nxg2+ 12. Kd1 Ng4 13. Bd4 Re8 14. Bf1 N2e3+ 15. Kc1 Nf5 16. Qd3 d6 17. Rg1 Nxd4 18. Qxd4 f5 19. Bd3 Qe3 20. Kc2 Qxd4 21. Nxd4 Bd7 22. Rae1 g6 23. h4 Kf7 24. N2f3 Kf6 25. Kd2 Rxe1 26. Rxe1 h6 27. Nc2 Ne5 28. Be2 c5 29. Ne3 Bc6 30. Nd5+ Bxd5 31. cxd5 Re8 32. Rg1 Nxf3+ 33. Bxf3 Re7 34. Kd3 Re5 35. Rg2 Re7 36. Kd2 g5 37. hxg5+ hxg5 38. Kd3 g4 39. Bxg4 fxg4 40. Rxg4 Re5 41. Kc4 Re2 42. Rh4 b5+ 43. Kxb5 Rxb2+ 44. Kc6 Rb6+ 45. Kc7 Ke5 46. Ra4 Kxd5 47. Rxa7 Rc6+ 48. Kd7 c4 49. Ra5+ Rc5 50. Ra6 c3 51. Rxd6+ Kc4 52. Rd1 Rd5+ 0-1

[Event "Montreal op"]
[Site "Montreal CAN"]
[Date "2011.09.09"]
[Round "1.9"]
[White "Schott, Guido"]
[Black "Lepine, Cedric"]
[Result "1-0"]
[WhiteElo "2184"]
[BlackElo "2050"]
[PlyCount "46"]
[GameId "2160767909648367"]
[EventDate "2011.09.09"]
[EventType "swiss"]
[EventRounds "5"]
[EventCountry "CAN"]

1. e4 Nf6 2. e5 Nd5 3. d4 d6 4. c4 Nb6 5. exd6 cxd6 6. Nc3 g6 7. Be3 Bg7 8. Rc1 O-O 9. Nf3 Nc6 10. Be2 e5 11. O-O Bg4 12. dxe5 dxe5 13. b3 Bf5 14. Nd5 Nxd5 15. cxd5 Ne7 16. d6 Nc6 17. Bb5 e4 18. Bxc6 bxc6 19. Nd4 Be5 20. Nxf5 gxf5 21. Rxc6 Rc8 22. Rxc8 Qxc8 23. Qd5 Re8 1-0

[Event "Montreal op"]
[Site "Montreal CAN"]
[Date "2011.09.09"]
[Round "1.11"]
[White "Caire, Francois"]
[Black "Papineau (Granby), Daniel"]
[Result "1-0"]
[WhiteElo "2167"]
[BlackElo "2078"]
[PlyCount "135"]
[GameId "2160767909648369"]
[EventDate "2011.09.09"]
[EventType "swiss"]
[EventRounds "5"]
[EventCountry "CAN"]

1. Nf3 Nf6 2. g3 d5 3. Bg2 e6 4. d3 b6 5. Nbd2 Bb7 6. O-O Be7 7. e4 O-O 8. e5 Nfd7 9. Re1 c5 10. Nf1 Nc6 11. h4 Rc8 12. N1h2 b5 13. Bf4 Nb6 14. Ng5 h6 15. Qh5 Nd4 16. Ng4 Nf5 17. Nh3 Kh7 18. Ng5+ Kg8 19. Nh3 Kh7 20. Ne3 g6 21. Qd1 Nxe3 22. Bxe3 Kg7 23. Qd2 Rh8 24. a3 Qc7 25. Bf4 d4 26. Be4 Nd5 27. f3 a5 28. Nf2 h5 29. a4 b4 30. b3 Rcg8 31. Bxd5 Bxd5 32. Ne4 Qc6 33. Bg5 Qc7 34. Qf4 Bxe4 35. Bf6+ Kf8 36. Bxh8 g5 37. Qxe4 Rxh8 38. hxg5 Bxg5 39. f4 Be7 40. Kf2 h4 41. g4 Qb8 42. g5 Kg7 43. Rh1 c4 44. dxc4 Bc5 45. Ke2 h3 46. Kd3 Rh4 47. Rag1 Qh8 48. g6 Qh6 49. Qb7 Qxf4 50. Qxf7+ Qxf7 51. gxf7+ Kxf7 52. Rh2 Rh5 53. Rg3 Rxe5 54. Rf2+ Ke7 55. Rxh3 Re1 56. Re2 Rd1+ 57. Ke4 Rg1 58. Rh5 Kd6 59. Kf3 Rf1+ 60. Kg2 Rc1 61. Rh6 Kd7 62. Rhxe6 Rxc2 63. Rxc2 Kxe6 64. Kf3 Ke5 65. Re2+ Kf5 66. Rh2 Be7 67. Rh5+ Bg5 68. Rxg5+ 1-0

[Event "Montreal op"]
[Site "Montreal CAN"]
[Date "2011.09.09"]
[Round "1.17"]
[White "Robichaud, Louis"]
[Black "Dumont, Felix"]
[Result "1/2-1/2"]
[WhiteElo "2114"]
[BlackElo "1984"]
[PlyCount "122"]
[GameId "2160767909648370"]
[EventDate "2011.09.09"]
[EventType "swiss"]
[EventRounds "5"]
[EventCountry "CAN"]

1. e4 c5 2. Nc3 Nc6 3. g3 d6 4. Bg2 g6 5. d3 Bg7 6. f4 e6 7. Nf3 Nge7 8. O-O O-O 9. Be3 Nd4 10. e5 Nef5 11. Bf2 Nxf3+ 12. Qxf3 Nd4 13. Qd1 Rb8 14. Ne4 dxe5 15. fxe5 b6 16. c3 Nf5 17. Nf6+ Bxf6 18. exf6 Qxf6 19. g4 Nd6 20. Bxc5 Qd8 21. Bd4 f6 22. Qb3 h6 23. Rae1 Kg7 24. c4 e5 25. Rxe5 Ne8 26. Rd5 Qc7 27. g5 hxg5 28. Rxg5 Bb7 29. Bxb7 Rxb7 30. Qd1 Rh8 31. Rg2 Qd6 32. Qg4 Kf8 33. Bc3 Rbh7 34. Qxg6 Rxh2 35. Rxf6+ Nxf6 36. Qxf6+ Qxf6 37. Bxf6 Rh1+ 38. Kf2 R8h5 39. Bc3 R5h3 40. Ke2 Rc1 41. Kd2 Rhh1 42. Ke3 Rh3+ 43. Ke4 Rh5 44. d4 Rch1 45. Rg4 Rf1 46. c5 bxc5 47. dxc5 Rxc5 48. Bb4 Rff5 49. Bxc5+ Rxc5 50. Rg2 Ra5 51. a3 Ke7 52. Kd4 Kd6 53. Rc2 Rd5+ 54. Kc4 Kc6 55. b4 a5 56. Rh2 axb4 57. axb4 Rd6 58. Ra2 Kb6 59. b5 Rd1 60. Ra6+ Kb7 61. Rh6 Rc1+ 1/2-1/2

[Event "Montreal op"]
[Site "Montreal CAN"]
[Date "2011.09.09"]
[Round "1.18"]
[White "Zhu, Hong Rui"]
[Black "Hirth, Julien"]
[Result "1-0"]
[WhiteElo "1959"]
[BlackElo "2103"]
[PlyCount "91"]
[GameId "2160767909648371"]
[EventDate "2011.09.09"]
[EventType "swiss"]
[EventRounds "5"]
[EventCountry "CAN"]

1. e4 c5 2. Nf3 Nc6 3. c3 Nf6 4. e5 Nd5 5. d4 cxd4 6. cxd4 d6 7. exd6 Qxd6 8. Nc3 Nxc3 9. bxc3 g6 10. Bc4 Bg7 11. O-O O-O 12. h3 b6 13. a4 Bb7 14. Ba3 Qc7 15. Bd5 Rad8 16. Bxc6 Bxc6 17. a5 bxa5 18. Bc5 Rfe8 19. Nh2 e5 20. Re1 a4 21. Ng4 f5 22. Ne3 f4 23. Nc2 exd4 24. Bxd4 Rxe1+ 25. Nxe1 Bxd4 26. cxd4 Qd6 27. Nf3 Bxf3 28. Qxf3 Qxd4 29. Qa3 Re8 30. Rc1 Qd2 31. Rf1 Qc2 32. Qf3 Qe4 33. Qa3 Rb8 34. Rc1 Qb4 35. Rc8+ Kf7 36. Rc7+ Kf6 37. Qf3 a3 38. Qc6+ Ke5 39. Rd7 Qb5 40. Qc3+ Ke6 41. Rxa7 Qb1+ 42. Kh2 Qb6 43. Qc4+ Ke5 44. Re7+ Kf5 45. Qd5+ Kf6 46. Rf7# 1-0

[Event "Montreal op"]
[Site "Montreal CAN"]
[Date "2011.09.09"]
[Round "1.19"]
[White "Gagnon, Serge"]
[Black "Roy, Myriam"]
[Result "1/2-1/2"]
[WhiteElo "2101"]
[BlackElo "1957"]
[PlyCount "55"]
[GameId "2160767909648372"]
[EventDate "2011.09.09"]
[EventType "swiss"]
[EventRounds "5"]
[EventCountry "CAN"]

1. d4 d5 2. c4 c6 3. Nc3 Nf6 4. Nf3 e6 5. Bg5 Be7 6. e3 Nbd7 7. Qc2 b6 8. cxd5 exd5 9. Bd3 Bb7 10. O-O O-O 11. Ne5 h6 12. Bh4 Nxe5 13. dxe5 Ng4 14. Bg3 Bh4 15. Qa4 Bxg3 16. Qxg4 Bxe5 17. Qf5 Re8 18. Qh7+ Kf8 19. e4 Bxc3 20. bxc3 dxe4 21. Bxe4 Qf6 22. Bf3 Re6 23. Rad1 Qg6 24. Qxg6 fxg6 25. Rd7 Ba6 26. Rfd1 Re7 27. R7d6 Rc8 28. g3 1/2-1/2

[Event "Montreal op"]
[Site "Montreal CAN"]
[Date "2011.09.09"]
[Round "1.20"]
[White "Seguin, Rene"]
[Black "Abou Nassif, Ahmad"]
[Result "0-1"]
[WhiteElo "1949"]
[BlackElo "2100"]
[PlyCount "138"]
[GameId "2160767909648373"]
[EventDate "2011.09.09"]
[EventType "swiss"]
[EventRounds "5"]
[EventCountry "CAN"]

1. c4 Nf6 2. g3 e5 3. Bg2 Bc5 4. Nc3 O-O 5. e3 c6 6. Nge2 d5 7. cxd5 cxd5 8. d4 exd4 9. exd4 Bb4 10. O-O Nc6 11. Bg5 Be6 12. Bxf6 Qxf6 13. Nxd5 Bxd5 14. Bxd5 Rad8 15. Qb3 Nxd4 16. Nxd4 Qxd4 17. Rad1 Bd2 18. Bxb7 Rd6 19. Qc2 Rfd8 20. Bg2 Qb6 21. b3 Qa5 22. a4 h5 23. h4 Qb6 24. Kh2 Rd3 25. Qc4 R3d4 26. Qb5 Qd6 27. Qxh5 g6 28. Qf3 Rxh4+ 29. Kg1 Rd4 30. Qc6 Qb4 31. Qb7 Qa5 32. Qb5 Qc3 33. Qa6 Qc5 34. Qb5 Qe7 35. Qb7 R8d7 36. Qc6 a5 37. Qa8+ Kg7 38. Qa6 R7d6 39. Qb7 Qg5 40. Qb5 Qf6 41. Qe2 Qg5 42. Qb5 Qd8 43. Qe5+ f6 44. Qe2 Qd7 45. Qb5 Qg4 46. Qb7+ Rd7 47. Qf3 Qe6 48. Rb1 R7d5 49. Rfd1 Qe5 50. Bf1 g5 51. Bc4 Rd7 52. Qa8 Rd8 53. Qb7+ R4d7 54. Qc6 g4 55. Qe6 Qd4 56. Kg2 Kg6 57. Rh1 Kg5 58. Rh4 Rd6 59. Qf7 Kf5 60. Qh7+ Ke5 61. Qh5+ f5 62. Qf7 Qe4+ 63. Kh2 Qxb1 64. Qe7+ Kd4 65. Qg7+ Kc5 66. Qe5+ Kb4 67. Qb5+ Ka3 68. Qc5+ Bb4 69. Qe5 Rd1 0-1

[Event "Montreal op"]
[Site "Montreal CAN"]
[Date "2011.09.09"]
[Round "1.22"]
[White "Zhou, Qiyu"]
[Black "Trottier, Emile"]
[Result "0-1"]
[WhiteElo "1660"]
[BlackElo "2090"]
[PlyCount "138"]
[GameId "2160767909648374"]
[EventDate "2011.09.09"]
[EventType "swiss"]
[EventRounds "5"]
[EventCountry "CAN"]

1. e4 e6 2. d4 d5 3. Nd2 Nf6 4. e5 Nfd7 5. f4 c5 6. Ndf3 Nc6 7. Ne2 Qb6 8. c3 Be7 9. g3 O-O 10. Bh3 Qd8 11. O-O Nb6 12. b3 Bd7 13. Bb2 Rc8 14. Rc1 cxd4 15. Nexd4 Bc5 16. Kh1 a5 17. Qd2 a4 18. Rg1 axb3 19. axb3 Ra8 20. Ra1 Qe7 21. Rgc1 Rxa1 22. Rxa1 Ra8 23. Nxc6 Bxc6 24. Rxa8+ Nxa8 25. Nd4 Nc7 26. Nxc6 bxc6 27. Bf1 Bb6 28. b4 c5 29. Ba3 c4 30. Qa2 Nb5 31. Bb2 Qa7 32. Qxa7 Bxa7 33. Kg2 Be3 34. Kf3 Bd2 35. Ke2 Bxc3 36. Bxc3 Nxc3+ 37. Kd2 Nb5 38. Be2 Kf8 39. Bd1 Ke7 40. Ba4 Nd4 41. h3 Kd8 42. g4 Kc7 43. Be8 f6 44. exf6 gxf6 45. b5 Kd8 46. Bf7 Nxb5 47. Bxe6 c3+ 48. Kc1 d4 49. Bf5 h6 50. h4 Ke7 51. Kc2 Nd6 52. Bh7 Ke6 53. Bg8+ Nf7 54. g5 fxg5 55. fxg5 hxg5 56. hxg5 Ke7 57. g6 Ne5 58. Bb3 Kf6 59. g7 Kxg7 60. Bd5 Kf6 61. Be4 Kg5 62. Bh7 Kf4 63. Bg8 Ke3 64. Bh7 Nc6 65. Kb3 Kd2 66. Be4 Na5+ 67. Kb4 c2 68. Bxc2 Kxc2 69. Kxa5 d3 0-1

[Event "Montreal op"]
[Site "Montreal CAN"]
[Date "2011.09.10"]
[Round "2.5"]
[White "Abou Nassif, Ahmad"]
[Black "L'Ami, Alina"]
[Result "0-1"]
[WhiteElo "2100"]
[BlackElo "2368"]
[PlyCount "96"]
[GameId "2160767909648380"]
[EventDate "2011.09.09"]
[EventType "swiss"]
[EventRounds "5"]
[EventCountry "CAN"]

1. d4 Nf6 2. e3 g6 3. f4 Bg7 4. Nf3 O-O 5. Bd3 c5 6. c3 b6 7. Qe2 Bb7 8. O-O Be4 9. Bc4 d5 10. Bb5 a6 11. Ba4 b5 12. Bb3 Qb6 13. Ne5 b4 14. Nd2 c4 15. Nxe4 Nxe4 16. Bc2 f5 17. cxb4 Qxb4 18. Bxe4 fxe4 19. Qg4 Qd6 20. Bd2 Nc6 21. Rac1 Nd8 22. b3 cxb3 23. axb3 Nf7 24. Nc6 Rfe8 25. Bb4 Qf6 26. Qd7 Nd6 27. Rc5 Qf7 28. g4 Kh8 29. Ne5 Qg8 30. Nc6 Qf7 31. Ba5 Bf6 32. Nd8 Qg8 33. Ne6 Rab8 34. b4 Nc4 35. Rxc4 dxc4 36. g5 Bg7 37. Bc7 Rb7 38. Qc6 Rxc7 39. Nxc7 Rc8 40. Qb7 Rb8 41. Qxe4 Rxb4 42. Nxa6 Rb2 43. Rc1 Qc8 44. Nc5 Qg4+ 45. Kh1 h5 46. gxh6 Bxh6 47. Na4 Rd2 48. Nc3 Qh3 0-1

[Event "Montreal op"]
[Site "Montreal CAN"]
[Date "2011.09.10"]
[Round "2.6"]
[White "Jiang, Louie"]
[Black "Gauthier, Denis"]
[Result "1-0"]
[WhiteElo "2327"]
[BlackElo "2000"]
[PlyCount "49"]
[GameId "2160767909648381"]
[EventDate "2011.09.09"]
[EventType "swiss"]
[EventRounds "5"]
[EventCountry "CAN"]

1. e4 c5 2. Nc3 Nc6 3. f4 g6 4. Bb5 Nd4 5. Nf3 Bg7 6. O-O Nxb5 7. Nxb5 Nf6 8. Qe1 O-O 9. d3 d6 10. Qh4 Qd7 11. Nc3 Qg4 12. Qf2 Qd7 13. h3 b5 14. Kh1 b4 15. Nd1 c4 16. e5 Nd5 17. dxc4 Nb6 18. b3 Bb7 19. Bb2 Qf5 20. exd6 exd6 21. Bxg7 Kxg7 22. Qd4+ Kg8 23. Ne3 Qh5 24. Ng4 Nd7 25. Qxd6 1-0